| 000 | 00460nam a22001697a 4500 | ||
|---|---|---|---|
| 999 |
_c2385 _d2385 |
||
| 005 | 20230503113910.0 | ||
| 008 | 230503b ||||| |||| 00| 0 eng d | ||
| 020 | _a9780241274187 | ||
| 040 | _cKH8 | ||
| 082 | _a823.92 AST | ||
| 100 |
_a Astley, Neville _eAuthor |
||
| 245 |
_aPeppa Pig: _bStars _cNeville Astley |
||
| 260 |
_aLondon, _bLadybird Books, _c2016 |
||
| 300 |
_a [24] str. : _bilustr. ; _c 23 cm |
||
| 650 | _achildren's story | ||
| 942 |
_2ddc _cFIC |
||